LEADER 01060nas 22003131a 450 001 9910142148403321 005 20230321202001.0 035 $a(CKB)1000000000528213 035 $a(CONSER) 10020866 035 $a(DE-599)ZDB2164818-9 035 $a(EXLCZ)991000000000528213 100 $a20751019b18721920 ub a 101 0 $aeng 200 00$aCollections of the Minnesota Historical Society$b[electronic resource] 210 $a[St. Paul $cMinnesota Historical Society]$d1872-1920 215 $a1 online resource 300 $aSome vols. have also a distinctive title. 311 08$aPrint version (DLC)10020866 (OCoLC)646941037 320 $aIncludes bibliographical references. 607 $aMinnesota$xHistory$vSources 607 $aMinnesota$xHistoire$vPe?riodiques 608 $aPeriodicals.$2rbgenr 676 $a977.6 712 02$aMinnesota Historical Society. 906 $aJOURNAL 912 $a9910142148403321 920 $aexl_impl conversion 996 $aCollections of the Minnesota Historical Society$92160903 997 $aUNINA LEADER 02433nam 2200553Ia 450 001 9910830916003321 005 20170816123401.0 010 $a1-280-52093-0 010 $a9786610520930 010 $a3-527-60358-1 010 $a3-527-60627-0 035 $a(CKB)1000000000376171 035 $a(EBL)481443 035 $a(SSID)ssj0000120441 035 $a(PQKBManifestationID)11134560 035 $a(PQKBTitleCode)TC0000120441 035 $a(PQKBWorkID)10091801 035 $a(PQKB)10933911 035 $a(MiAaPQ)EBC481443 035 $a(OCoLC)85820478 035 $a(PPN)151843031 035 $a(EXLCZ)991000000000376171 100 $a20041018d2005 uy 0 101 0 $aeng 135 $aur|n|---||||| 181 $ctxt 182 $cc 183 $acr 200 00$aChemical micro process engineering$b[electronic resource] $eprocessing and plants /$fVolker Hessel ... [et al.] 210 $aWeinheim ;$a[Great Britain] $cWiley-VCH$dc2005 215 $a1 online resource (683 p.) 300 $aDescription based upon print version of record. 311 $a3-527-30998-5 320 $aIncludes bibliographical references and index. 327 $aChemical Micro Process Engineering; Contents; Preface; Abbreviations and Symbols; 1 Mixing of Miscible Fluids; 2 Micro Structured Fuel Processors for Energy Generation; 3 Catalyst Screening; 4 Micro Structured Reactor Plant Concepts; Subject Index 330 $aMicro process engineering is approaching both academia and industry. With the provision of micro devices, systems and whole plants by commercial suppliers, one main barrier for using these units has been eliminated.This book focuses on processes and their plants rather than on devices: what is 'before', 'behind' and 'around' micro device fabrication - and gives a comprehensive and detailed overview on the micro-reactor plants and three topic-class applications which are mixing, fuel processing, and catalyst screening. Thus, the book reflects the current level of development from 'micro-rea 606 $aMicrochemistry 606 $aChemical processes 615 0$aMicrochemistry. 615 0$aChemical processes. 676 $a660.28 701 $aHessel$b Volker$0290630 801 0$bMiAaPQ 801 1$bMiAaPQ 801 2$bMiAaPQ 906 $aBOOK 912 $a9910830916003321 996 $aChemical micro process engineering$91462157 997 $aUNINA